Normal view
MARC view
- Christensen, Anne-Lise,
Entry Nombre Personal
001 - NUMERO DE CONTROL
- campo de control: 40528
003 - IDENTIFICADOR DE NUMERO DE CONTROL
- campo de control: UPN
005 - FECHA Y HORA DE LA ÜLTIMA TRANSACCIÓN
- campo de control: 20210219194558.0
008 - DATOS DE LONGITUD FIJA
- campo de control de longitud fija: nabaccnnaabn|||||||||| b |nc|||||d
035 ## - NUMERO DE CONTROL
- Número de control: UPN11000012635
040 ## - FUENTE DE CATALOGACIÓN
- Lenguaje de catalogación: SPA
- Agencia de transcripción: UPN
100 1# - ENCABEZAMIENTO - NOMBRE PERSONAL
- Nombre personal: Christensen, Anne-Lise,
- Fechas asociadas con el nombre: 1926-
670 ## - FUENTE EN LA QUE SE LOCALIZARON DATOS
- Cita de la fuente: T
- Uniform Resource Identifier: https://link.springer.com/referenceworkentry/10.1007%2F978-0-387-79948-3_610
680 ## - NOTA PUBLICA DE ACCESO PÚBLICO
- Frase explicativa de la referencia: Profesora de rehabilitación neuropsicológica del Centro de Rehabilitación del Daño Cerebral en la Universidad de Copenhague
902 ## - CATALOGADOR
- Catalogador: BDV/30082017
